LIBRARY & INFORMATION CENTRE, KCAET, TAVANUR

ONLINE PUBLIC ACCESS CATALOGUE (OPAC)

Notes on Hygiene and PH (Record no. 18467)

MARC details
000 -LEADER
fixed length control field 00226nam a22001097a 4500
003 - CONTROL NUMBER IDENTIFIER
control field OSt
008 - FIXED-LENGTH DATA ELEMENTS--GENERAL INFORMATION
fixed length control field 241211b |||||||| |||| 00| 0 eng d
041 ## - LANGUAGE CODE
Language code of text/sound track or separate title eng
245 ## - TITLE STATEMENT
Title Notes on Hygiene and PH
260 ## - PUBLICATION, DISTRIBUTION, ETC. (IMPRINT)
Name of publisher Madras
942 ## - ADDED ENTRY ELEMENTS (KOHA)
Koha item type Books
Holdings
Withdrawn status Lost status Damaged status Home library Current library Date acquired Accession Number Koha item type Public note
Withdrawn     KAUAET KAUAET 11/12/2024 8523 Books Withdrawn as per order no A3-1008/2003 dated 25/04/2003
free website counter